000 02015cam a22004814i 4500
003 PE-LiUPU
005 20250731173412.0
008 150706s r 000 0 d
020 _a9781602554238
035 _a(Sirsi) i9781602554238
040 _aPE-LiUPU
_bspa
_cPE-LiUPU
_erda
049 _aPRUA
082 0 4 _a236.9
_bH94
_221
100 1 _aHundley, Raymond C.,
_eautor.
245 1 1 _a¿Se acabará el mundo en el 2012? /
_cRaymond C. Hundley.
264 1 _aNashville :
_bThomas Nelson,
_c2010.
300 _a197 páginas ;
_c22 cm.
336 _atext
_2rdacontent
337 _aunmediated
_2rdamedia
338 _avolume
_2rdacarrier
505 0 _aEl factor Maya - Las tormentas solares - El CERN y el Gran Colisionador de Hadrones - Las predicciones de Nostradamus - La inversión de los polos magnéticos - Colisión con el Planeta X - La alineación de la Tierra con el plano galáctico - Erupción del súpervolcán - El proyecto Web Bot - Predicciones religiosas del fin del mundo - Evaluaciones finales - Preparación para el fin del mundo - Epílogo para los cristianos - guía de estudio para los individuos o grupos.
526 _aSEG42
526 _aSEG41
526 _aSEG40
526 _aSEG39
526 _aP94
526 _aP87
526 _aP86
526 _aP85
526 _aP77
526 _aP76
526 _aP35
541 _g001-0000554;
650 0 4 _aFin del mundo.
650 0 4 _aEscatología.
_95923
650 0 4 _aProfecías.
_93133
910 _agl
_bjv
_cng
_d20111128
942 _2ddc
_cBOOK
949 _a236.9 H94
_wDEWEY
_c1
_i64077
_lCCODEBUL1
_mBUL
_p15.00
_r0
_sY
_tBOOK
_u2015-7-6
_xTEOLOGIA
_PP35
_o.STAFF. Colección General
994 _aC0
_bPEPRU
596 _a1
999 _a236.9 H94
_wDEWEY
_c52917
_i64077
_f2021-11-10
_g6
_lCCODEBUL1
_mBUL
_p15.00
_r0
_sY
_tBOOK
_u2015-7-6
_xTEOLOGIA
_PP35
_0COMPRA
_o.STAFF. Colección General
_d52917
980 _81
_gALBERTO SANCHEZ Responsable de Automatización